Normal view
MARC view
Entry Personal Name
001 - CONTROL NUMBER
- control field: 38267
003 - CONTROL NUMBER IDENTIFIER
- control field: MY-SjTCS
005 - DATE AND TIME OF LATEST TRANSACTION
- control field: 20191205122939.0
008 - FIXED-LENGTH DATA ELEMENTS
- fixed length control field: 110314nn a|a||abb| a a|a d
039 #9 -
- : 201103141530
- : shuhada
040 ## - CATALOGING SOURCE
- Original cataloging agency: VRT
- Transcribing agency: VRT
100 1# - HEADING--PERSONAL NAME
- Personal name: Menzel, Thomas.
670 ## - SOURCE DATA FOUND
- Source citation: Kengo Kuma, c2008.:
- Information found: t.p. (Volker Fischer, Ulrich Schneider (eds.) ; edited by the Museum of Applied Arts Frankfurt ; translation from German into English, Elizabeth Schwaiger ; editing, Volker Fischer, Thomas Menzel.)
999 ## -
- : VIRTUA4 x
999 ## -
- : VTLSSORT0080*0400*1000*6700*9991